Mednarodna revija za javno upravo

Bibliographic Details
Previous Title:Uprava
Format: Electronic Journal
Language:Slovenian
English
Published: Ljubljana, Slovenia : University of Ljubljana, Faculty of Administration, Journal Uprava/Administration
Subjects:
Online Access:Full text available from Research Library: 01/01/2013 to 12/31/2017

MARC

LEADER 00000nas a2200000 i 4500
001 ssj0001076634
003 WaSeSS
005 20200512172242.0
006 m d
007 cr n
008 131221c20uu9999xv q| p|s|||||| |0slv d
022 |y 2335-3414 
035 |a (WaSeSS)ssj0001076634 
040 |a WaSeSS  |b eng  |c WaSeSS  |d WaSeSS 
041 |a slv  |a eng 
050 1 4 |a JA26 
245 0 0 |a Mednarodna revija za javno upravo  |h [electronic resource]. 
260 |a Ljubljana, Slovenia :  |b University of Ljubljana, Faculty of Administration, Journal Uprava/Administration 
310 |a Quarterly 
506 |a License restrictions may limit access. 
546 |a In Slovenian and English. 
588 |a Description based on: Letnik XI, 1 (2013); title from article pdf (ProQuest, viewed Dec. 21, 2013). 
588 |a Latest issue consulted: Letnik XI, 2 (2013) (viewed Dec. 21, 2013). 
650 0 |a Public administration  |v Periodicals. 
655 0 |a Electronic journals. 
776 0 8 |i Print version:  |t Mednarodna revija za javno upravo  |x 2335-3414 
780 0 0 |t Uprava  |x 1581-7555 
856 4 0 |z Full text available from Research Library: 01/01/2013 to 12/31/2017  |u https://search.proquest.com/publication/3462